Lubrication behaviour of palm biodiesel with or without oxidation treatment and additives /
Saved in:
| Main Author: | |
|---|---|
| Format: | Thesis Book |
| Language: | English |
| Published: |
2016.
|
| Subjects: | |
| Tags: |
Add Tag
No Tags, Be the first to tag this record!
|
| LEADER | 01373cam a2200325 i 4500 | ||
|---|---|---|---|
| 001 | u1044314 | ||
| 003 | SIRSI | ||
| 005 | 201611241142 | ||
| 008 | 161128s2016 my a m 000 0 eng | ||
| 040 | |a UMM |d UMJ |e rda | ||
| 090 | |a TJ7 |b UM 2016 Fat | ||
| 097 | |a TJ7 |b UM 2016 Fat | ||
| 100 | 1 | |a Fatimah, Sundus, |e author. | |
| 245 | 1 | 0 | |a Lubrication behaviour of palm biodiesel with or without oxidation treatment and additives / |c Sundus Fatimah. |
| 264 | 1 | |c 2016. | |
| 264 | 4 | |c 2016. | |
| 300 | |a xvi leaves, 77 leaves : |b illustrations ; |c 30 cm. | ||
| 336 | |a text |2 rdacontent | ||
| 337 | |a unmediated |2 rdamedia | ||
| 338 | |a volume |2 rdacarrier | ||
| 502 | |b M.Eng.Sc. |c Jabatan Kejuruteraan Mekanik, Fakulti Kejuruteraan, Universiti Malaya |d 2016. | ||
| 504 | |a Bibliography: leaves 65-76. | ||
| 650 | 0 | |a Lubrication and lubricants |x Additives. | |
| 650 | 0 | |a Biodiesel fuels. | |
| 710 | 2 | |a Universiti Malaya. |b Jabatan Kejuruteraan Mekanik, |e degree granting institution. | |
| 900 | |a NSR NSM AMA | ||
| 596 | |a 1 7 | ||
| 999 | |a TJ7 UM 2016 FAT |w LC |c 1 |i A516601545 |d 28/3/2017 |f 28/3/2017 |g 1 |l STACKS |m P01UTAMA |r Y |s Y |t TESIS |u 24/3/2017 |1 AHSS | ||
| 999 | |a TJ7 UM 2016 FAT |w LC |c 1 |i A516726103 |d 6/4/2017 |f 6/4/2017 |g 1 |l STACKS |m P07JURUTER |r N |s Y |t TESIS |u 6/4/2017 |1 STEM | ||
| 999 | |a TJ7 UM 2016 FAT |w LC |c 2 |i A516719779 |d 6/4/2017 |f 6/4/2017 |g 1 |l COUNTER |m P07JURUTER |r N |s Y |t CD |u 6/4/2017 |1 STEM | ||
